000 01210nam0a2200349 4500
001 RU\NLR\bibl\151368
005 20250618051236.0
010 _a5-94129-002-0
_9800
021 _aRU
_b2000-42293
_91953
035 _a(NLR Aleph) 000148377
090 _a850996
_c850996
100 _a20001227d2000 |||y0rusy50 ca
101 0 _arus
102 _aRU
105 _ac |||||||||
200 1 _aПроблемы развития агропромышленного комплекса
_fЯ. К. Белхороев
210 _aМ.
_cЖурн. "Аграр. наука"
_d2000
215 _a47 с.
_d20
_cпортр.
320 _aБиблиогр.: с. 46
606 0 _aАгропромышленные комплексы
_yРоссийская Федерация
_92096204
_3RU\NLR\auth\661268277
610 0 _aАгропромышленный комплекс - Экономика
675 _a631.145
_v3
_zrus
686 _a68.01
_2rugasnti
686 _a65.32
_2rubbk
686 _aУ32(2)-434(2Р)
700 1 _aБелхороев
_bЯ. К.
_4070
801 0 _aRU
_bRKP
_c20001227
_gPSBO
801 1 _aRU
_bRKP
_c20001227
801 2 _aRU
_bNLR
_c20010516
_grcr
942 _cBOOK
980 _aNB